000
00346nam a2200145 a 4500
005
20140412111328.0
008
110115s19uu xx 00 eng d
020
_a
0-590-72585-8
050
_a
BB
_b
Cr883 1991
245
_a
Crayons.
260
_a
NY :
_b
Scholastic,
_c
1991.
300
_a
18p.
440
_a
Big book of Magazine
999
_c
104795
_d
104795